Online Catalogue and eLibrary

An historical relation of the island Ceylon : (Record no. 3482)

MARC details
000 -LEADER
fixed length control field 00482nam a2200157Ia 4500
005 - DATE AND TIME OF LATEST TRANSACTION
control field 20250704022528.0
008 - FIXED-LENGTH DATA ELEMENTS--GENERAL INFORMATION
fixed length control field 240331s9999 xx 000 0 und d
020 ## - INTERNATIONAL STANDARD BOOK NUMBER
ISBN 955210223
082 ## - DDC Classification
Item Number - Author Mark KNO
Class No. 954
100 ## - MAIN ENTRY--PERSONAL NAME
Personal name Knox, R
245 #3 - TITLE STATEMENT
Title An historical relation of the island Ceylon :
Remainder of title second edition-Volume II
260 ## - PUBLICATION, DISTRIBUTION, ETC.
Place of publication, distribution, etc. Nugegoda
Name of publisher, distributor, etc. M.D.Gunasena Boo k& Co
Date of publication, distribution, etc. 1992
300 ## - PHYSICAL DESCRIPTION
Extent (e.g. Volumes, Pages etc.) 385 p .,
500 ## - GENERAL NOTE
General note Sinhala Translation of An Historical Relation of the island of Ceylon
942 ## - Koha item type (Biblio)
Koha item type Books in Stacks (Lending)
Holdings
Lost status Damaged status Collection code Home library Current library Shelving location Date acquired Full call number Accession Number Item type
    Lending WERC Library WERC Library Social Science Cupboard 03/31/2024 954.9 KNO 3334 Books in Stacks (Lending)

© WERC Library